000
00271nam a2200097Ia 4500
001
789401
005
20250826170418.0
008
250824s9999 xx 000 0 und d
245
0
_a
OSMANLIDA DERİN DEVLET VE II. ABDÜLHAMİT
_c
YAVUZ BAHADIROĞLU
260
_b
PANAMA YAYINLARI
999
_c
789401
_d
789401